if this was a movie - taylor swift - Statistics

General Stats
  • This quiz has been taken 207 times
  • The average score is 338 of 442
Answer Stats
Answer % Correct
I
100%
a
99%
was
98%
you
98%
You
98%
be
97%
if
95%
If
95%
me
95%
movie
95%
back
94%
this
94%
to
93%
by
90%
Come
90%
come
90%
like
90%
the
90%
your
89%
would
88%
we
85%
you're
85%
and
84%
And
84%
here
84%
my
84%
now
84%
Now
84%
on
84%
know
83%
you'd
83%
You'd
83%
in
81%
it
81%
out
80%
not
79%
Not
79%
could
78%
there
78%
But
77%
said
77%
that
77%
I'm
75%
gone
74%
just
74%
then
74%
When
74%
when
74%
ever
73%
night
73%
been
72%
sorry
71%
Stand
71%
heart
69%
Last
69%
own
69%
beating
68%
work
68%
cam
67%
heard
67%
rain
67%
baby
65%
Baby
65%
had
65%
'til
65%
footsteps
64%
outside
63%
Six
62%
still
62%
I've
61%
though
61%
months
60%
somehow
60%
Sounded
60%
stairs
59%
Even
57%
everything
57%
memories
57%
much
57%
through
57%
thousand
56%
time
56%
too
56%
we've
56%
change
55%
happen
55%
reaching
54%
Thinking
54%
bout
53%
for
53%
how
53%
playing
53%
things
51%
going
50%
lately
50%
remember
50%
stood
50%
these
50%
people
48%
'Cause
47%
were
47%
before
45%
Before
45%
friends
45%
nothing
44%
Maybe
43%
our
43%
came
41%
down
41%
laughing
41%
arms
40%
Flashback
40%
them
40%
happened
39%
moving
39%
up
38%
waiting
38%
street
37%
pacing
36%
somewhere
36%
say
35%
you've
35%
chasing
34%
hall
33%
knew
33%
lose
33%
Nothing's
33%
see
33%
gonna
32%
door
31%
I'll
31%
at
30%
all
29%
front
29%
since
29%
it's
27%
way
27%
want
26%
easy
23%
Oh
23%
take
23%
fight
19%
Locked
19%
locked
19%
of
19%
ending
16%
wanna
15%
Is
14%
don't
12%
thought
12%
Thought
12%
kind
9%
whoa
5%
Wary
2%
No matching quizzes found
Score Distribution
Percent of People with Each Score
Percentile by Number Answered
Your Score History
You have not taken this quiz